ITIC2: una propuesta metodológica de integración tecnológica al currículo

Αποθηκεύτηκε σε:
Λεπτομέρειες βιβλιογραφικής εγγραφής
Κύριοι συγγραφείς: Machado Pérez, Ligia (autora), Ramos Geliz, Ferley (Συγγραφέας)
Μορφή: Βιβλίο
Γλώσσα:Ισπανικά
Έκδοση: Bogotá Universidad Pedagógica Nacional 2005
Έκδοση:1a. ed
Θέματα:
Ετικέτες: Προσθήκη ετικέτας
Δεν υπάρχουν, Καταχωρήστε ετικέτα πρώτοι!

MARC

LEADER 00000nam a2200000 a 4500
001 UCK4356
003 CL-VaPUC
008 050603e20050000CK |||||||||||||||||spa|d
020 |a 9588226295 
082 0 4 |a 005.7071  |b MAC  |2 21 
100 |a Machado Pérez, Ligia  |e autora  |9 492829 
700 0 |a Ramos Geliz, Ferley  |e author  |9 492830 
245 1 0 |a ITIC2: una propuesta metodológica de integración tecnológica al currículo 
250 |a 1a. ed 
300 |a 175 p 
942 |c BK 
945 |d 20050603 00:00:00  |a cmena 
260 |a Bogotá  |b Universidad Pedagógica Nacional  |c 2005 
650 0 |a Educación tecnológica  |9 307597 
650 0 |a Planificación del currículo  |9 269599 
650 7 |a INTRANET  |2 CL-VaPUC  |9 386840 
650 0 |a Aplicaciones de computadores  |9 260401 
583 |a last modification  |c 20050603 00:00:00  |k Rodrigo Vera 
999 |c 313236  |d 313234 
952 |0 0  |1 0  |4 0  |6 005_707100000000000_MAC_2005  |7 0  |8 A  |9 384419  |a BIBEDU  |b BIBEDU  |d 2019-11-22  |i 4129202  |o 005.7071 MAC 2005  |p 4129202  |r 2019-11-22  |w 2019-11-22  |y BK  |k EDU